Statistics for British Geography A-Z

Click here to take the quiz!

General Stats

  • This quiz has been taken 2,364 times
  • The average score is 19 of 25

Answer Stats

Hint Answer % Correct
BCapital of Northern IrelandBelfast
98%
TLondon's riverThames
96%
GTerritory at the southern tip of SpainGibraltar
93%
DWhere the Prime Minister lives{Downing} Street
92%
SThis ring of stones was assembled before 2000 B.C.Stonehenge
91%
NCity associated with the legend of Robin HoodNottingham
91%
ZA pedestrian crossing; Abbey Road has a famous one{Zebra} Crossing
87%
JBritish island in the English ChannelJersey
86%
YCity in northern England founded by the Romans in 71 A.D.York
86%
KCounty that is connected to France via the Channel TunnelKent
85%
ISea in which you'd find the Isle of Man{Irish} Sea
84%
WLondon borough in which the Houses of Parliament can be foundWestminster
83%
ECounty in the southeast that takes its name from Kingdom of the East SaxonsEssex
80%
UTraditional province of Ireland that includes Northern IrelandUlster
79%
OIsland chain off the north shore of the Scottish mainlandOrkney
72%
MRiver that flows past LiverpoolMersey
67%
CWales in WelshCymru
67%
LLargest lake in ScotlandLoch {Lomond}
67%
VTerm for the home of an Anglican parish leader{Vicar}age
60%
QProfessional football club based in White City, LondonQueens Park Rangers
59%
FThree-letter term for an English marshFen
58%
PTown in far southwest England overrun by musical piratesPenzance
57%
HLargest council area of Scotland{Highland} Council
51%
ALargest island of WalesAnglesey
48%
RTerm for a subdivision of YorkshireRiding
42%

Score Distribution

Percentile by Number Answered

Percent of People with Each Score

Your Score History

You have not taken this quiz